Haltestellen der Salzkammergutbahn - Statistiken

Allgemein
  • Dieses Quiz wurde 14 mal gespielt
  • Das Durchschnittsergebnis liegt bei 21 aus 41
Antwortstatistiken
Haltestellen % Korrekt
Bad Ischl
100%
Ebensee
100%
Gmunden
100%
Traunkirchen
100%
Altmünster am Traunsee
92%
Hallstatt
92%
Bad Aussee
83%
Bad Goisern
83%
Obertraun-Dachsteinhöhlen
83%
Pinsdorf
83%
Bad Mitterndorf
75%
Ebensee Landungsplatz
67%
Ried im Innkreis
67%
Steeg-Gosau
67%
Aurachkirchen
50%
Lauffen
50%
Obertraun-Koppenbrüllerhöhle
50%
Ottnang-Wolfsegg
50%
Traunkirchen Ort
50%
Wankham
50%
Aurolzmünster
42%
Eberschwang
42%
Hausruck
42%
Tauplitz
42%
Antiesenhofen
33%
Bad Ried
33%
Goisern Jodschwefelbad
33%
Gopperding
33%
Steinkogel
33%
Suben
33%
Wolfshütte
33%
Kainisch
25%
Lehen-Altensam
25%
Oberbrunn
25%
Obersee
25%
Pürgg
25%
St. Martin im Innkreis
25%
Holzleithen
17%
Dietrichshofen
8%
Hart im Innkreis
8%
Bad Mitterndorf-Heilbrunn
0%
Keine übereinstimmenden Quizze gefunden
Verteilung der Resultate
Anzahl Personen mit jedem Resultat
Perzentil nach korrekt beantworteten Fragen
Ihre Resultats-Entwicklung
Sie haben dieses Quiz noch nicht gespielt